[Event "EU-ch (Women) 8th"]
[Site "Dresden"]
[Date "2007.04.08"]
[Round "6"]
[White "Peptan, Corina Isabela"]
[Black "Meshcheriakova, Evgenia"]
[Result "1/2-1/2"]
[WhiteElo "2408"]
[BlackElo "2292"]
[PlyCount "169"]
[EventDate "2007.04.03"]
[EventType "swiss"]
[EventRounds "11"]
[EventCountry "GER"]
[SourceTitle "CBM 117 Extra"]
[Source "ChessBase"]
[SourceDate "2007.05.09"]
[SourceVersion "1"]
[SourceVersionDate "2007.05.09"]
[SourceQuality "1"]

1. e4 e5 2. Nf3 Nc6 3. Bb5 a6 4. Ba4 Nf6 5. 0-0 Be7 6. Re1 b5 7. Bb3 0-0 8. h3 d6 9. c3 Na5 10. Bc2 c5 11. d3 Re8 12. Nbd2 Bb7 13. Nf1 Bf8 14. Bg5 h6 15. Bh4 Be7 16. Ne3 g6 17. a3 Nh5 18. Bxe7 Qxe7 19. b4 Nc6 20. Nd5 Qd8 21. Qd2 Kg7 22. Nh2 Rc8 23. Bd1 Nf6 24. Ng4 Nxg4 25. Bxg4 Rb8 26. Qe3 Qg5 27. a4 cxb4 28. axb5 axb5 29. Qxg5 hxg5 30. Bd7 Red8 31. Bxc6 Bxc6 32. Nxb4 Bd7 33. Ra7 Be6 34. Rea1 Rbc8 35. R1a3 Rc5 36. Na6 Rc6 37. Nc7 d5 38. exd5 Bxd5 39. Nxb5 e4 40. dxe4 Bxe4 41. Nd4 Rb6 42. Rc7 Ra8 43. Rxa8 Bxa8 44. c4 Rd6 45. Nb5 Rd1+ 46. Kh2 Kf6 47. c5 Rc1 48. Na7 Bd5 49. Nc8 Ke5 50. Nb6 Be6 51. Nd7+ Bxd7 52. Rxd7 Ke6 53. Rc7 f5 54. c6 Rc2 55. Rc8 Rxf2 56. Rg8 Rc2 57. Rxg6+ Ke5 58. Rxg5 Kf6 59. h4 Rxc6 60. Rg3 Rc8 61. Kh3 Rc1 62. Rg8 Kf7 63. Ra8 Rc3+ 64. Kh2 Kg6 65. Rg8+ Kf7 66. Rg3 Rc4 67. Kh3 Rc1 68. Ra3 Kg6 69. Ra6+ Kg7 70. g3 Rc3 71. Kg2 Rb3 72. h5 Rc3 73. Ra5 Kf6 74. h6 Kg6 75. Ra6+ Kh7 76. Rf6 Rb3 77. Kh3 f4 78. Rxf4 Kxh6 79. Kg4 Kg6 80. Ra4 Rb6 81. Kh4 Rc6 82. Rg4+ Kh6 83. Rg8 Rc4+ 84. g4 Rc1 85. g5+ 1/2-1/2

[Event "EU-ch (Women) 8th"]
[Site "Dresden"]
[Date "2007.04.06"]
[Round "4"]
[White "Vajda, Szidonia"]
[Black "Meshcheriakova, Evgenia"]
[Result "1-0"]
[WhiteElo "2407"]
[BlackElo "2292"]
[PlyCount "77"]
[EventDate "2007.04.03"]
[EventType "swiss"]
[EventRounds "11"]
[EventCountry "GER"]
[SourceTitle "CBM 117 Extra"]
[Source "ChessBase"]
[SourceDate "2007.05.09"]
[SourceVersion "1"]
[SourceVersionDate "2007.05.09"]
[SourceQuality "1"]

1. e4 e6 2. d4 d5 3. Nd2 a6 4. Ngf3 c5 5. c3 Nc6 6. Bd3 cxd4 7. cxd4 dxe4 8. Nxe4 Be7 9. 0-0 Nf6 10. a3 0-0 11. Bb1 Qd5 12. Nc3 Qh5 13. Ne2 Rd8 14. Bg5 Nxd4 15. Nexd4 e5 16. Qe1 Rxd4 17. Qxe5 Rg4 18. g3 Rxg5 19. Qxe7 Rd5 20. Ba2 Rd7 21. Qe3 Rd8 22. Rfe1 Bf5 23. Ng5 Bg6 24. h4 h6 25. Nh3 Qg4 26. Nf4 Re8 27. Qb3 Ne4 28. Qxb7 Reb8 29. Qc6 Nf6 30. Nxg6 Qxg6 31. Re7 Rc8 32. Qf3 Rab8 33. Bxf7+ Qxf7 34. Rxf7 Kxf7 35. b4 Rb6 36. Re1 Rc7 37. g4 g5 38. hxg5 hxg5 39. Re5 1-0